| 000 | 01190nmm a2200349 a 4500 | ||
|---|---|---|---|
| 001 | ocm0001864845 | ||
| 003 | TR-IsHL | ||
| 005 | 20201028172455.0 | ||
| 008 | 180531s2017 tu tur | ||
| 007 | cr cn | ||
| 020 | _a9786052015001 | ||
| 035 |
_a1864845 _b(N$T) |
||
| 050 | 0 | 4 |
_aBF637.S8 _bG65 2017 |
| 090 | 0 | 4 |
_aBF637.S8 _bG65 2017 |
| 100 | 1 | _aGöksu, Sıtkı | |
| 245 | 1 | 0 |
_aBaşarı ve motivasyon _h[electronic resource] / _cSıtkı Göksu ; editör Hatice Bahtiyar |
| 250 | _aBirinci basım | ||
| 260 |
_aİstanbul : _bHiperlink Yayınları, _c2017 |
||
| 300 | _a325 p. | ||
| 500 |
_aKaynakça var. _x |
||
| 650 | 4 | _aFelsefe, Psikoloji ve Din | |
| 650 | 4 | _aPhilosophy, Psychology and Religion | |
| 650 | 0 |
_aBaşarı _x Psikolojik yönler |
|
| 650 | 0 |
_aSuccess _x Psychological aspects |
|
| 650 | 0 | _aÖzyönetim (Psikoloji) | |
| 650 | 0 | _aSelf-management (Psychology) | |
| 650 | 0 | _aÖzyapabilirlik (Psikoloji) | |
| 650 | 0 | _aSelf-actualization (Psychology) | |
| 650 | 7 |
_aSELF-HELP / Personal Growth / Success _2bisacsh |
|
| 700 | 1 | _aBahtiyar, Hatice | |
| 856 | 4 | 0 | _uhttp://search.ebscohost.com/login.aspx?direct=true&scope=site&db=e011xww&AN=1864845 |
| 999 |
_c17217 _d17217 |
||